| 000 | 00550nam a2200181 i 4500 | ||
|---|---|---|---|
| 003 | DO-SdBNP | ||
| 005 | 20230502110844.0 | ||
| 007 | ta | ||
| 008 | 190424s2012 dr 000 spa d | ||
| 040 |
_aDO-SdBNP _bspa _cBNPHU _erda |
||
| 082 | 4 | _222 | |
| 245 | 0 | 0 |
_aCapacitación para equipos de autoevaluación de instituciones educativas en la metodología CAF : _bmarco común de evaluación |
| 264 |
_aSanto Domingo : _bMAP. _c2012. |
||
| 300 |
_a92 página : _c28 cm. |
||
| 590 | _aInventariado, 2023/BT | ||
| 910 | _aBtavárez | ||
| 942 |
_2ddc _cLBS1 |
||
| 999 |
_c48369 _d48369 |
||